000 00504nam a2200181Ia 4500
008 090124s9999 xx 000 0 und d
082 _b21034
100 _aकुरऴे श्य़ाम
245 _a फिरकी
250 _a1
260 _bप्रचार प्रकाशन
_c1983
300 _a173
600 _aकुरऴे श्य़ाम
630 _a फिरकी
700 _aकुरऴे श्य़ाम
730 _a फिरकी
942 _cBOOK
999 _c91172
_d91172